Normal view
MARC view
Entry Personal Name
001 - CONTROL NUMBER
- control field: 57371
003 - CONTROL NUMBER IDENTIFIER
- control field: dpl
005 - DATE AND TIME OF LATEST TRANSACTION
- control field: 20230925123823.0
008 - FIXED-LENGTH DATA ELEMENTS
- fixed length control field: 230925|| aca||aabn | a|a d
040 ## - CATALOGING SOURCE
- Original cataloging agency: dpl
- Transcribing agency: dpl
100 ## - HEADING--PERSONAL NAME
- Personal name: Chakrabarty, Jaydeep
670 ## - SOURCE DATA FOUND
- Source citation: Work cat.: (dpl)191791: Chakrabarty, Jaydeep, Edward Said A Critical Introduction/, 2023
